Online
Catalog

Incursiones en la obra de José Martí / (Record no. 6769)

MARC details
000 -CABECERA
campo de control de longitud fija 00992cam a2200265 a 4500
001 - NÚMERO DE CONTROL
campo de control 000006985
005 - FECHA Y HORA DE LA ÚLTIMA TRANSACCIÓN
campo de control 20260424095026.0
008 - DATOS DE LONGITUD FIJA--INFORMACIÓN GENERAL
campo de control de longitud fija 920912s1989 cu b 001 0 spa d
040 ## - FUENTE DE LA CATALOGACIÓN
Centro catalogador/agencia de origen DO-SdBNP
Centro/agencia transcriptor BNPHU
043 ## - CÓDIGO DE ÁREA GEOGRÁFICA
Código de área geográfica nwcu---
082 ## - NÚMERO DE LA CLASIFICACIÓN DECIMAL DEWEY
Número de clasificación 923.2
Número de documento/Ítem H632i
100 1# - ENTRADA PRINCIPAL--NOMBRE DE PERSONA
Nombre de persona Hidalgo Paz, Ibrahím,
Fechas asociadas al nombre 1943-
9 (RLIN) 19422
245 10 - MENCIÓN DE TÍTULO
Título Incursiones en la obra de José Martí /
Mención de responsabilidad, etc. Ibrahím Hidalgo Paz.
260 ## - PUBLICACIÓN, DISTRIBUCIÓN, ETC.
Lugar de publicación, distribución, etc. La Habana :
Nombre del editor, distribuidor, etc. Ciencias Sociales,
Fecha de publicación, distribución, etc. 1989.
300 ## - DESCRIPCIÓN FÍSICA
Extensión 240 p. ;
Dimensiones 21 cm.
490 1# - MENCIÓN DE SERIE
Mención de serie Estudios martianos
500 ## - NOTA GENERAL
Nota general Chiefly revised versions of studies previously published in the Anuario de estudios cubanos between 1979 and 1983.
504 ## - NOTA DE BIBLIOGRAFÍA, ETC.
Nota de bibliografía, etc. Incluye referencias bibliográficas.
600 10 - PUNTO DE ACCESO ADICIONAL DE MATERIA--NOMBRE DE PERSONA
Nombre de persona Marti, Jose,
Fechas asociadas al nombre 1853-1895
Subdivisión general BIOGRAFÍA
9 (RLIN) 19423
651 #0 - PUNTO DE ACCESO ADICIONAL DE MATERIA--NOMBRE GEOGRÁFICO
Nombre geográfico Cuba
Subdivisión general Política Y Gobiermo
Subdivisión cronológica 1810-1899.
9 (RLIN) 19424
610 20 - PUNTO DE ACCESO ADICIONAL DE MATERIA--NOMBRE DE ENTIDAD CORPORATIVA
Nombre de entidad corporativa o nombre de jurisdicción como elemento de entrada Partido Revolucionario Cubano
9 (RLIN) 19425
630 00 - PUNTO DE ACCESO ADICIONAL DE MATERIA--TÍTULO UNIFORME
Título uniforme Patria (New York, N.Y.)
9 (RLIN) 19426
830 #0 - PUNTO DE ACCESO ADICIONAL DE SERIE-TÍTULO UNIFORME
Título uniforme Estudios martianos ;
9 (RLIN) 19427
910 ## - DATOS DE OPCIÓN DEL USUARIO (OCLC)
Datos de opción del usuario Catalogación por copia / LC
Holdings
Estado de retiro Estado de pérdida Restricciones de uso No para préstamo Código de colección Localización permanente Ubicación/localización actual Ubicación en estantería Fecha de adquisición Número de inventario Total de préstamos Signatura topográfica completa Código de barras Fecha visto por última vez Precio válido a partir de Tipo de ítem Koha
    Préstamo interno   Monografías: Libros y Folletos General General En catalogación 03.09.2009 LF1   923.2 H632i 6985-10 25.06.2020 25.06.2020 Préstamo interno

Powered by Koha